| 000 | 00512nam a22002057a 4500 | ||
|---|---|---|---|
| 003 | OSt | ||
| 005 | 20140310182927.0 | ||
| 008 | 130130t xxu||||| |||| 00| 0 eng d | ||
| 020 | _a9789712724794 | ||
| 050 |
_aDS674 _b.Oc15 2010 |
||
| 082 |
_aFIL 899.2104 _bO1g 2010 |
||
| 245 |
_aLooking back _cOcampo, Ambeth R. |
||
| 260 |
_aManila _bAnvil _cc2010 |
||
| 300 |
_a92 p. _c18 cm. |
||
| 521 | _acollege students | ||
| 526 | _c1210L-1700L | ||
| 541 | _j1 | ||
| 562 | _e1 | ||
| 942 |
_2lcc _cBK _kFIL |
||
| 999 |
_c17437 _d17437 |
||